Responses for show #3761 - Monday, January 1, 2001

First show of the 21st century.

Contestants

[<< previous game]

Sherry Huiner, a stay-at-home mom from Marietta, Georgia

Mike Currie, an Air Force officer from Hanscom AFB, Massachusetts

Richard Kolostian, an attorney from Los Angeles, California (whose 1-day cash winnings total $11,199)

[next game >>]

Jeopardy! Round responses

NEW YEAR'S DAY
(Alex: How appropriate!)
GEOGRAPH"IA"
(Alex: Each correct response will end in the letters "I-A".)
EPITAPHS
(Alex: A whole category about...)
1802
BROADWAY DEBUTS
RHYME TIME
    $100 11
Pasadena

Richard
    $100 1
British Columbia

Mike
    $100 6
Edgar Allan Poe

Mike
    $100 16
Thomas Jefferson

Sherry
    $100 21
Kathie Lee Gifford

Sherry
    $100 26
Loud cloud

Mike
    $200 12
Rosh Hashanah

Richard
    $200 2
Romania

Mike
    $200 7
Dean Martin

Richard
    $200 17
(M: What is Lansing?)

Detroit

Mike
Triple Stumper
    $200 22
"Camelot"

Mike
    $200 27
Square bear

Richard
    $300 13
Tet

Richard
    $500 3
(M: Sorry, Alex.)

Alexandria

Mike
    $300 8
Carrie Nation

Richard
    $300 18
Hearing

Mike
    $300 23
Sandy Duncan

Sherry
    $300 28
Cute flute

Richard
    $400 14
(M: What is the Visitation?)

Annunciation

MikeSherry
    $400 4
Bolivia

Mike
    $400 9
Mel Blanc

Richard
    $400 19
(R: What is the Seine River?)

English Channel

RichardSherry
    $400 24
"Hair"

Richard
    $400 29
Funny bunny

Mike
    $500 15
Philadelphia

Mike
    $500 5
Tanzania

Mike
    $500 10
Ethan Allen

Richard
    $500 20
(R: What is the French Foreign Legion?)

Legion of Honor (Legion d'honneur)

Richard
Triple Stumper
    $500 25
(we have less than a minute to go to complete "Rhyme Time"...)

Marisa Tomei

Richard
    $500 30
a mock sock

Triple Stumper

Scores at the first commercial break (after clue 15):

Richard Mike Sherry
$2,000 $900 $400

Scores at the end of the Jeopardy! Round:

Richard Mike Sherry
$2,500 $1,700 $1,300

Double Jeopardy! Round responses

LITERATURE
CHEMISTRY
ECONOMICS
PHYSICS
"PEACE"
MADISON & PHYSIOLOGY
    $200 1
T.S. Eliot

Sherry
    $200 25
Woody Allen

Sherry
    $200 4
Credit card debt

Sherry
    $200 17
Subsonic

Mike
    $200 11
Disturbing/breach of the peace

Sherry
    $200 16
Vice president

Mike
    $400 2
Boris Pasternak

Mike
    $400 26
Hadassah

Richard
    $400 5
Producer Price Index

Richard
    $400 18
Infrared waves

Mike
    $400 12
The Peacemaker

Mike
    $400 20
Brain

Mike
    $600 3
Winston Churchill

Richard
    $600 27
Fran Drescher

Richard
    $600 6
Dumping

Mike
    $600 19
Radio

Richard
    $600 13
Peace offerings

Mike
    $600 21
The Constitution

Sherry
    $1,000 7
(M: Who is Saul Bellow?)

Albert Camus

Mike
    $800 28
Freddie Prinze, Jr.

Richard
    $800 9
"Invisible Hand"

Richard
    $2,000 23
(less than a minute to go...)

Buoyancy

Mike
    $800 14
"Prince of Peace"

Sherry
    $800 22
Montpelier

Mike
    $1000 8
(S: Who is Frost?)

William Butler Yeats

Sherry
Triple Stumper
    $1000 29
(M: What is Slater?)
(buzzer sounds)

Gloria Steinem

RichardMike
    $1000 10
Scrip

Richard
    $1000 24
Gauss

Triple Stumper
    $1000 15
Peaceful coexistence

Triple Stumper

Scores at the end of the Double Jeopardy! Round:

Richard Mike Sherry
$8,700 $5,700 $2,500

[wagering suggestions for these scores]

Final Jeopardy! Round responses

CELEBRITY WOMEN
SherryWho is Mary Tyler Moore
$2,500
MikeWho is Madonna?
$0
RichardWho is Sally Field?
$2,701
Madonna

Final scores:

Richard Mike Sherry
$5,999 $5,700 $0
2-day champion: $17,198 2nd place: Trip to Walt Disney World, Florida 3rd place: Samsung Cameras

Game dynamics:

Coryat scores:

Richard Mike Sherry
$8,700 $6,000 $2,500
20 R,
2 W
20 R
(including 1 DD),
5 W
(including 2 DDs)
11 R,
1 W

Combined Coryat: $17,200

The J! Archive is created by fans, for fans. The Jeopardy! game show and all elements thereof, including but not limited to copyright and trademark thereto, are the property of Jeopardy Productions, Inc. and are protected under law. This website is not affiliated with, sponsored by, or operated by Jeopardy Productions, Inc. Join the discussion at JBoard.tv.